00752cam a22002291 4500001001300000003000400013005001700017008004100034010001700075035002000092040001800112050001800130100002800148245007600176260004700252300004100299490005400340500006300394650003200457650001600489999001700505f 30000032 DLC20260227111249.0930707s1930 dcua 000 0 eng  af 30000032  a(OCoLC)28388423 aDLCcNcDdDLC00aSH351.S75bG51 aGinsburg, Isaac,d1886-10aCommercial snappers (Lutianidae) of Gulf of Mexico,cby Isaac Ginsburg. aWashington,bU.S. Govt. print. off.c1930. a1 p. l., p. 265-276,billus.c28 cm.0 aUnited States Bureau of fisheries Dec.vno. 1080. aFrom Bulletin of the Bureau of fisheries, vol. xlvi, 1930. 0aFisherieszMexico, Gulf of. 0aLutjanidae. c23311d23311